Normal view
MARC view
Entry Personal Name
001 - CONTROL NUMBER
- control field: 774998
003 - CONTROL NUMBER IDENTIFIER
- control field: OSt
005 - DATE AND TIME OF LATEST TRANSACTION
- control field: 20250508163244.0
008 - FIXED-LENGTH DATA ELEMENTS
- fixed length control field: 250508|| aca||aabn | a|a d
040 ## - CATALOGING SOURCE
- Original cataloging agency: OSt
- Transcribing agency: OSt
100 ## - HEADING--PERSONAL NAME
- Personal name: Gupta Gaysu
670 ## - SOURCE DATA FOUND
- Source citation: Work cat.: (OSt)1381819: Gupta Gaysu, Investigation into the development of concepts of number in young children involving a comparison of verbal and non-verbal methods of assessment and acceleration, 1983
